000 00646cam a22002412a 4500
001 005914
003 AR-FADEU
005 20190611074500.0
008 311216n1979####xxu####################dd
040 _cBiblioteca Ernesto Sábato
092 _a302
_bM231
100 _aMaisonneuve, Jean
245 _aPsicología social
260 _aBuenos Aires
260 _bPaidós
260 _c1979
300 _a143 p
440 _aBiblioteca del hombre contemporáneo
_n 31
500 _aIncluye bibliografía
650 _aPSIOLOGIASOCIAL; INTERACCION SOCIAL; INDIVIDUO-GRUPO
700 _aSilvia Naisberg, tr.
942 _cBDGR
_2ddc
999 _c33783
_d33783